000 00756nam a2200229 i 4500
003 IT-RoINE
005 20150220115552.0
008 900725s1955 sp |r spa d
040 _aSpMaBN
_bspa
_cA2 IT-RoINE
_dIT-RoINE
100 1 _aAlcalá Galiano, Antonio,
_d1789-1865
_96922
240 1 _aObra selecta
245 1 0 _aObras escogidas de D. Antonio Alcalá Galiano /
_cprólogo y edición de Jorge Campos.
260 _aMadrid :
_bAtlas,
_c1955.
300 _a2 v. ;
_c26 cm.
336 _2rdacontent
_atext
337 _2rdamedia
_aunmediated
338 _2rdacarrier
_avolume
490 1 0 _aBiblioteca de autores españoles ;
_v83-84
700 1 _aCampos, Jorge
_d1916-1983
_916624
830 0 _912318
_aBiblioteca de autores españoles
942 _cMTS
999 _c8045
_d8045